1317 1896 1686 1299 1688 1508 1839 1011 1919 1047 1470 1835 1856 1818 1072 1523 1046 1242 1746 1798 1367 1565 1130 1105 1722 1645 1916 1121 1423 1213 1209 1886 1155 1988 1669 1335 1091 1243 1476 1271 1501 1390 1395 1187 1450 1314 1137 1916 1328 1195 1689 1034 1430 1002 1626 1103 1189 1543 1005 1403 1130 1116 1918 1561 1936 1244 1286 1405 1555 1622 1681 1307 1219 1455 1580 1681 1575 1980 1830 1740 1296 1389 1262 1298 1201 1999 1646 1753 1155 1090 1065 1447 1568 1133 1967 1162 1857 1845 1346 BCNSPRNW ULIB Ver.6.0+V

เปลี่ยนเป็นภาษาไทย

Change to English
 แสดงรายละเอียดบรรณานุกรม
  กลับหน้าหลัก

Brief Record : Get Marc (ISO 2709) : E-mail record : QR code < ปิดหน้าต่าง
LEADER : 00000nam 2200000uu 4500
001    13399123718
003     ULIB
008    141119s2557||||th 000 0 tha d
020    ^a9789740331865
060  4 ^aWQ210^bม445พ
100 0  ^aมานะ ทวีวิศิษฎ์
245 00 ^aพยาธิวิทยาทารกบวมน้ำ =^bPathology of Hydrops Fetalis /^cมานะ ทวีวิศิษฎ์
250    ^aพิมพ์ครั้งที่ 1
260    ^aกรุงเทพฯ :^bสำนักพิมพ์แห่งจุฬาลงกรณ์มหาวิทยาลัย,^c2557
300    ^a234 หน้า :^bภาพประกอบ ; ตาราง ;^c26 ซม.
650  7 ^aทารกในครรภ์--โรค
650  7 ^aทารกแรกเกิด--โรค
650  7 ^aทารกบวมน้ำ
945    ^p210^l0^i21751
945    ^p210^l0^i21752
945    ^p210^l0^i21753
945    ^p210^l0^i21754
945    ^p210^l0^i21755
999    ^aทศพร เกษรทอง
รายการนี้ยังไม่มีแท็ก
คุณยังไม่ได้ล็อกอิน คุณสามารถมีกิจกรรมร่วมกับเว็บไซต์ได้ แต่ต้องล็อกอินก่อน ::
  ล็อกอิน

รายการสื่อสารสนเทศ

ลำดับที่ ประเภท เลขเรียก/บาร์โค้ด สถานที่ สถานะ
1. วิทยาศาสตร์การแพทย์ และสุขภาพ
วิทยาศาสตร์การแพทย์ และสุขภาพ
สถานะ=หนังสือเก่า
WQ210 ม445พ ฉ.1 
  Barcode: 21751
ห้องสมุดวิทยาเขตนครสวรรค์
►ส่วนจัดเก็บหนังสือเก่า นว.
บนชั้น
  ขอยืม
2. วิทยาศาสตร์การแพทย์ และสุขภาพ
วิทยาศาสตร์การแพทย์ และสุขภาพ
สถานะ=หนังสือเก่า
WQ210 ม445พ ฉ.2 
  Barcode: 21752
ห้องสมุดวิทยาเขตนครสวรรค์
►ส่วนจัดเก็บหนังสือเก่า นว.
บนชั้น
  ขอยืม
3. วิทยาศาสตร์การแพทย์ และสุขภาพ
วิทยาศาสตร์การแพทย์ และสุขภาพ
สถานะ=หนังสือเก่า
WQ210 ม445พ ฉ.3 
  Barcode: 21753
ห้องสมุดวิทยาเขตนครสวรรค์
►ส่วนจัดเก็บหนังสือเก่า นว.
บนชั้น
  ขอยืม
4. วิทยาศาสตร์การแพทย์ และสุขภาพ
วิทยาศาสตร์การแพทย์ และสุขภาพ
สถานะ=หนังสือเก่า
WQ210 ม445พ ฉ.4 
  Barcode: 21754
ห้องสมุดวิทยาเขตนครสวรรค์
►ส่วนจัดเก็บหนังสือเก่า นว.
บนชั้น
  ขอยืม
5. วิทยาศาสตร์การแพทย์ และสุขภาพ
วิทยาศาสตร์การแพทย์ และสุขภาพ
สถานะ=หนังสือเก่า
WQ210 ม445พ ฉ.5 
  Barcode: 21755
ห้องสมุดวิทยาเขตนครสวรรค์
►ส่วนจัดเก็บหนังสือเก่า นว.
บนชั้น
  ขอยืม

รายการใกล้เคียง
    ผู้แต่ง [มานะ ทวีวิศิษฎ์]

    หัวเรื่อง [ทารกในครรภ์--โรค]
    หัวเรื่อง [ทารกแรกเกิด--โรค]
    หัวเรื่อง [ทารกบวมน้ำ]

BibComment


ยังไม่เคยถูกคอมเมนท์

คอมเมนท์ทรัพยากรรายการนี้
  คอมเมนท์: พยาธิวิทยาทารกบว..


 Copyright 2026. Bcnsprnw @Library